000 01095nam a2200253 a 4500
999 _c11560
_d11560
001 11560
003 BD-JhCC
005 20200329110646.0
008 200329s20142018b |||| |||| 000 0 be d
020 _a9840757059
035 _a(BD-JhCC)11560
040 _aBD-JhCC
_dBD-JhCC
041 _aben
082 _a491.44
_bBAN 2018
245 _aবাংলা একাডেমী প্রমিত বাংলা ব্যবহারিক ব্যাকরণ /
_cসম্পাদনায় রফিকুল ইসলাম, পবিত্র সরকার এবং মাহবুবুল হক
260 _aঢাকা :
_bবাংলা একাডেমি,
_c২০১৮
300 _a৩৭৬ পৃ. :
_bচিত্রবলী সংযোজিত,
_c২২ সেমি.
500 _aনির্ঘন্ট অর্ন্তভূক্ত
650 _aFunctional Grammar
_vBangla
700 _aইসলাম, রফিকুল
700 _aসরকার, পবিত্র
700 _aহক, মাহবুবুল
942 _2ddc
_cBK